| 000 | 00926nam a22002057a 4500 | ||
|---|---|---|---|
| 999 |
_c2086 _d2086 |
||
| 003 | AR-CdUCM | ||
| 008 | 190301b ||||| |||| 00| 0 spa d | ||
| 040 |
_aMUNICIPALIDAD PROVINCIAL DEL CUSCO _cBIBLIOTECA MUNICIPAL DEL CUSCO |
||
| 082 |
_a985.7 / _bC22 |
||
| 100 |
_aCentro Amazónico de Antropología y Aplicación "Practica / _97544 |
||
| 245 | _aAmazonia Peruana / | ||
| 260 |
_aLima : _bCAAAP, _c1982. |
||
| 300 |
_a180 paginas ; _c23 cm. |
||
| 505 | _aVista panorámica sobre la patología tropical Peruana -- Ecología de la salud en comunidades nativas de la amazonia Peruana -- Observaciones de la dieta de los Angoteros - Secoya del norte del Perú -- Estudio preliminar de la etnofarmacologia tradicional y la salud general de los Angoteros - Secoya... | ||
| 650 |
_aAmazonia Peruana _97545 |
||
| 650 |
_aCentro Amazónico _97546 |
||
| 650 |
_aPoblaciones nativas _97547 |
||
| 942 |
_2ddc _cLIBROS |
||
| 945 | _awnts | ||